[Event "4NCL/Div3/BRI2 vs. WES2"]
[Site "Birmingham ENG"]
[Date "2005.10.22"]
[Round "1.7"]
[White "Steer, Graham"]
[Black "Taylor, Phil"]
[Result "1-0"]
[WhiteElo "2035"]
[BlackElo "2055"]
[Annotator "Parker,Robert"]
[PlyCount "67"]
[EventDate "2005.10.22"]
[EventType "team"]
[EventRounds "11"]
[EventCountry "ENG"]
[SourceDate "2005.10.25"]

1. d4 d5 2. Bg5 h6 3. Bh4 c6 4. e3 Qb6 5. b3 Bf5 6. Nd2 e6 7. Ngf3 Nd7 8. Be2
Be7 9. Bxe7 Nxe7 10. c4 c5 11. O-O O-O 12. Rc1 Rac8 13. Nb1 Rfd8 14. Nc3 Bg4
15. Kh1 cxd4 16. Nxd4 Bxe2 {=} 17. Qxe2 dxc4 18. bxc4 Nc5 19. f4 a6 20. f5 Nxf5
21. Nxf5 exf5 22. Nd5 Qe6 23. Rxf5 b5 24. Qh5 Nd7 25. Rcf1 g6 26. Qg4 Rxc4 27.
Qg3 Rc5 28. Nf6+ Qxf6 29. Rxf6 Nxf6 30. Qf2 Rc6 31. h3 Rd7 32. Qf4 Kg7 33. e4
Rc4 34. Qxf6+ 1-0

[Event "4NCL/Div3/BRI2 vs. WES2"]
[Site "Birmingham ENG"]
[Date "2005.10.22"]
[Round "1.8"]
[White "Khoo, Selina"]
[Black "Owens, Megan"]
[Result "1-0"]
[WhiteElo "1997"]
[BlackElo "1645"]
[PlyCount "133"]
[EventDate "2005.10.22"]
[EventType "team"]
[EventRounds "11"]
[EventCountry "ENG"]
[SourceDate "2005.10.25"]

1. e4 c5 2. Nf3 a6 3. c3 d5 4. exd5 Qxd5 5. h3 Nf6 6. Na3 b5 7. Nc2 Bb7 8. Ne3
Qd8 9. Be2 e6 10. a4 Qa5 11. Nc2 bxa4 12. Ne3 Bc6 13. Ne5 Bb5 14. Bf3 Ra7 15.
c4 Bd7 16. Nxd7 Nbxd7 17. Rxa4 Qc7 18. d3 Nb6 19. Ra3 Be7 20. Bd2 O-O 21. Qa1
Qc8 22. O-O Rd8 23. Ba5 Rd6 24. Rc1 Nbd7 25. b4 Ne5 26. Qxe5 Nd7 27. Qa1 Bf6
28. Qa2 Ne5 29. Be2 cxb4 30. Bxb4 Rb6 31. Ba5 Rb5 32. Rc2 Rb8 33. Rb3 Rxb3 34.
Qxb3 Rb7 35. Qa2 Nc6 36. Bc3 Bxc3 37. Rxc3 h6 38. Rb3 Rd7 39. Bf1 a5 40. Rb5
Rb7 41. Qa4 f5 42. Nc2 Qc7 43. Rc5 Rb6 44. Qxa5 Qb7 45. Qe1 e5 46. Rb5 Rxb5 47.
cxb5 Qxb5 48. Qc3 Ne7 49. Qc7 Ng6 50. Qc8+ Kh7 51. Qxf5 Qc6 52. Ne3 Qf6 53. Qe4
Kh8 54. Nc4 Qg5 55. g3 h5 56. h4 Qf6 57. Be2 Nf8 58. Bxh5 Nd7 59. Qd5 Qh6 60.
Nxe5 Qc1+ 61. Kg2 Nxe5 62. Qxe5 Qc6+ 63. Bf3 Qf6 64. Qxf6 gxf6 65. Be4 Kg7 66.
Kf3 Kf7 67. Kf4 1-0

[Event "4NCL/Div3/HKF2 vs. HKFC"]
[Site "Birmingham ENG"]
[Date "2005.10.22"]
[Round "1.1"]
[White "Britton, Richard L"]
[Black "Fowler, Simon"]
[Result "1-0"]
[WhiteElo "2288"]
[BlackElo "2202"]
[PlyCount "57"]
[EventDate "2005.10.22"]
[EventType "team"]
[EventRounds "11"]
[EventCountry "ENG"]
[SourceDate "2005.10.25"]

1. e4 e6 2. d3 d5 3. Nd2 Nf6 4. Ngf3 Bc5 5. e5 Nfd7 6. c3 Bb6 7. b4 f6 8. exf6
Qxf6 9. Bb2 Ne5 10. Qc2 O-O 11. c4 Nbc6 12. O-O-O Qf5 13. Nxe5 Nxe5 14. c5 Ng4
15. Nf3 Qf4+ 16. Kb1 Qxb4 17. cxb6 Bd7 18. h3 Ba4 19. Qd2 Qxb6 20. hxg4 Bxd1
21. Qxd1 Qxf2 22. Qc1 c5 23. Qg5 d4 24. Qh5 h6 25. g5 Rf5 26. Qg6 Rxf3 27.
Qxe6+ Rf7 28. g6 Kh8 29. gxf7 1-0

[Event "4NCL/Div3/HKF2 vs. HKFC"]
[Site "Birmingham ENG"]
[Date "2005.10.22"]
[Round "1.2"]
[White "Tavoularis, Nicholas"]
[Black "Therrien, Alex"]
[Result "1/2-1/2"]
[WhiteElo "2155"]
[BlackElo "2278"]
[PlyCount "32"]
[EventDate "2005.10.22"]
[EventType "team"]
[EventRounds "11"]
[EventCountry "ENG"]
[SourceDate "2005.10.25"]

1. Nf3 c5 2. b3 Nf6 3. Bb2 e6 4. e3 Be7 5. d4 O-O 6. Bd3 Nc6 7. a3 d5 8. Nbd2
a6 9. O-O b5 10. dxc5 Bxc5 11. e4 Bb7 12. Qe2 Be7 13. Rfe1 Qc7 14. Rad1 Rac8
15. Ng5 Qf4 16. Ndf3 dxe4 1/2-1/2

[Event "4NCL/Div3/HKF2 vs. HKFC"]
[Site "Birmingham ENG"]
[Date "2005.10.22"]
[Round "1.3"]
[White "Lindner, Daniel"]
[Black "Hagesaether, Arne"]
[Result "1/2-1/2"]
[WhiteElo "2259"]
[BlackElo "2177"]
[PlyCount "38"]
[EventDate "2005.10.22"]
[EventType "team"]
[EventRounds "11"]
[EventCountry "ENG"]
[SourceDate "2005.10.25"]

1. e4 c6 2. d4 d5 3. e5 Bf5 4. g4 Bd7 5. Nc3 e6 6. Be3 Qc7 7. Qd2 a6 8. f4 c5
9. Nf3 cxd4 10. Bxd4 Nc6 11. Ne2 h5 12. g5 Nge7 13. h4 Nf5 14. Bh3 Nfxd4 15.
Nexd4 g6 16. O-O Bc5 17. c3 Rc8 18. Kh1 Qb6 19. Rac1 Bxd4 1/2-1/2

[Event "4NCL/Div3/HKF2 vs. HKFC"]
[Site "Birmingham ENG"]
[Date "2005.10.22"]
[Round "1.4"]
[White "Wildig, Robert H"]
[Black "Buckley, Melanie"]
[Result "1/2-1/2"]
[WhiteElo "2110"]
[BlackElo "2145"]
[Annotator "Parker,Robert"]
[PlyCount "147"]
[EventDate "2005.10.22"]
[EventType "team"]
[EventRounds "11"]
[EventCountry "ENG"]
[SourceDate "2005.10.25"]

1. d4 Nf6 2. c4 e6 3. Nc3 Bb4 4. e3 b6 5. Nge2 Bb7 6. a3 Bxc3+ 7. Nxc3 O-O 8.
d5 d6 9. Be2 Nbd7 10. O-O a5 11. Rb1 Qe8 12. e4 Nc5 13. Bf3 a4 14. Bg5 Nfd7 15.
Qc2 h6 16. Be3 e5 17. Rbe1 Bc8 18. Nb5 Qd8 19. Be2 Nf6 20. Nc3 Bd7 21. Bd1 Qe8
22. f3 Nh7 23. Qd2 Qe7 24. Bc2 Rfe8 25. Qd1 Reb8 26. Rf2 Qe8 27. g3 Nf6 28. Bc1
b5 29. cxb5 Bxb5 30. Na2 Bc4 31. Nb4 Nb3 32. Be3 Rb7 33. Bd3 Bxd3 34. Qxd3 Nd7
35. Rc2 Nbc5 36. Qe2 Ra5 37. Rc3 Rab5 38. Rec1 Qa8 39. R1c2 Kf8 40. Bf2 Kg8 41.
f4 Qd8 {=} 42. f5 Qe7 43. Be1 Nf6 44. Re3 Nb3 45. Qd1 Rc5 46. Rxc5 Nxc5 47. Qe2
Qe8 48. Nc6 Rb6 49. Bb4 Rxc6 50. dxc6 Qxc6 51. Bxc5 Qxc5 52. Kg2 Qd4 53. Rc3
Qb6 54. Rc4 Qb7 55. Rxa4 d5 56. Rb4 Qc6 57. exd5 Qxd5+ 58. Kg1 Qc5+ 59. Kf1 e4
60. Rb5 Qc1+ 61. Kg2 Qc6 62. h3 h5 63. Rb8+ Kh7 64. Rd8 e3+ 65. Kh2 Qe4 66. Rd1
h4 67. gxh4 Qxh4 68. Rf1 Qe4 69. Qg2 Qe5+ 70. Kh1 Nh5 71. Re1 Ng3+ 72. Kg1 Nxf5
73. Qf3 g6 74. Qg2 1/2-1/2

[Event "4NCL/Div3/HKF2 vs. HKFC"]
[Site "Birmingham ENG"]
[Date "2005.10.22"]
[Round "1.5"]
[White "Burrows, Martin P"]
[Black "Forman, Karl L"]
[Result "1-0"]
[WhiteElo "2200"]
[BlackElo "2026"]
[PlyCount "63"]
[EventDate "2005.10.22"]
[EventType "team"]
[EventRounds "11"]
[EventCountry "ENG"]
[SourceDate "2005.10.25"]

1. e4 Nf6 2. e5 Nd5 3. d4 d6 4. c4 Nb6 5. exd6 exd6 6. Nc3 Nc6 7. Nf3 Bf5 8.
Be2 Be7 9. O-O O-O 10. b3 Bf6 11. Be3 Re8 12. Qd2 Nb4 13. Rac1 c5 14. Rfe1 Rc8
15. a3 Nc6 16. Nb5 a6 17. dxc5 dxc5 18. Nd6 Nd4 19. Nxe8 Qxe8 20. Bxd4 cxd4 21.
Qa5 Qd7 22. Qxb6 d3 23. Bxd3 Qxd3 24. Qxb7 h6 25. Qd5 Rd8 26. Qxd3 Rxd3 27. Re3
Rxe3 28. fxe3 Bb2 29. Rd1 Bxa3 30. Rd8+ Kh7 31. Ra8 Bc5 32. Nd4 1-0

[Event "4NCL/Div3/HKF2 vs. HKFC"]
[Site "Birmingham ENG"]
[Date "2005.10.22"]
[Round "1.6"]
[White "Bullock, Andrew"]
[Black "Chipanga, Takaedza"]
[Result "0-1"]
[WhiteElo "1866"]
[BlackElo "2189"]
[PlyCount "78"]
[EventDate "2005.10.22"]
[EventType "team"]
[EventRounds "11"]
[EventCountry "ENG"]
[SourceDate "2005.10.25"]

1. c4 e5 2. g3 Nf6 3. Bg2 d5 4. cxd5 Nxd5 5. d3 Be7 6. Nf3 Nc6 7. O-O O-O 8.
Nc3 Nb6 9. a3 Be6 10. b4 f6 11. Bb2 Qd7 12. Rc1 a5 13. b5 Nd4 14. Nxd4 exd4 15.
Ne4 Qxb5 16. Bxd4 Bxa3 17. Rxc7 Nd5 18. Nc3 Nxc3 19. Bxc3 Rfb8 20. Qa1 Bd6 21.
Rc4 Bxc4 22. dxc4 Qe8 23. Bd5+ Kh8 24. Qa2 Be5 25. Bd2 a4 26. e4 a3 27. f4 Bd4+
28. Kg2 Rd8 29. Bb4 Ra4 30. Rd1 Rxd5 31. exd5 Qe4+ 32. Kh3 Qf5+ 33. Kg2 Rxb4
34. Qxa3 Rb2+ 35. Qxb2 Bxb2 36. Re1 h5 37. d6 h4 38. Re2 h3+ 39. Kf3 Qd3+ 0-1

[Event "4NCL/Div3/HKF2 vs. HKFC"]
[Site "Birmingham ENG"]
[Date "2005.10.22"]
[Round "1.7"]
[White "Crombleholme, Alan K"]
[Black "Hogarth, Mark J"]
[Result "1-0"]
[WhiteElo "2117"]
[BlackElo "1919"]
[PlyCount "47"]
[EventDate "2005.10.22"]
[EventType "team"]
[EventRounds "11"]
[EventCountry "ENG"]
[SourceDate "2005.10.25"]

1. d4 Nf6 2. Nf3 c5 3. d5 g6 4. Nc3 d6 5. e4 Bg7 6. Bb5+ Nfd7 7. a4 O-O 8. O-O
Ne5 9. Nxe5 Bxe5 10. Bh6 e6 11. Bxf8 Qxf8 12. Qd2 b6 13. Bc4 a6 14. Ra3 Ra7 15.
Rb3 Qd8 16. f4 Bd4+ 17. Kh1 e5 18. Ne2 exf4 19. Nxd4 cxd4 20. Qxd4 Nd7 21. Rxf4
Nc5 22. Ra3 f5 23. exf5 Bxf5 24. Rxf5 1-0

[Event "4NCL/Div3/HKF2 vs. HKFC"]
[Site "Birmingham ENG"]
[Date "2005.10.22"]
[Round "1.8"]
[White "Foord, Dominic"]
[Black "Pritchard, David"]
[Result "0-1"]
[WhiteElo "1915"]
[BlackElo "2007"]
[PlyCount "72"]
[EventDate "2005.10.22"]
[EventType "team"]
[EventRounds "11"]
[EventCountry "ENG"]
[SourceDate "2005.10.25"]

1. d4 Nf6 2. Nf3 e6 3. Bg5 Be7 4. Nbd2 d5 5. e3 O-O 6. Bd3 b6 7. c3 c5 8. Qc2
Nbd7 9. Ne5 h6 10. Nc6 Qe8 11. Nxe7+ Qxe7 12. Bxf6 Nxf6 13. f4 Ng4 14. Nf1 Bb7
15. h3 Nf6 16. Nh2 c4 17. Be2 Ne4 18. Nf1 Qh4+ 19. g3 Nxg3 20. Nxg3 Qxg3+ 21.
Kd2 f5 22. h4 Qg6 23. Rhg1 Qf6 24. h5 Kh8 25. Rg6 Qe7 26. Rag1 Rg8 27. Kc1 b5
28. Bf1 Bc6 29. Qh2 a5 30. Bh3 Bd7 31. e4 dxe4 32. d5 exd5 33. Rb6 Rab8 34. Ra6
b4 35. Rgg6 Kh7 36. Ra7 Qh4 0-1

[Event "4NCL/Div3/SLOS3 vs. SLOS2"]
[Site "Birmingham ENG"]
[Date "2005.10.22"]
[Round "1.1"]
[White "Taylor, Robert M"]
[Black "Gourlay, Iain"]
[Result "1-0"]
[WhiteElo "2203"]
[BlackElo "2363"]
[PlyCount "73"]
[EventDate "2005.10.22"]
[EventType "team"]
[EventRounds "11"]
[EventCountry "ENG"]
[SourceDate "2005.10.25"]

1. e4 c5 2. Nc3 Nc6 3. f4 g6 4. Nf3 Bg7 5. Bb5 Nd4 6. O-O e6 7. e5 a6 8. Bd3 f5
9. b4 Nxf3+ 10. Qxf3 cxb4 11. Ne2 Ne7 12. Bb2 d6 13. Rae1 dxe5 14. Bxe5 Bxe5
15. fxe5 Nc6 16. Qe3 O-O 17. Qg3 Qc7 18. Nf4 Nxe5 19. Nxe6 Qb6+ 20. Kh1 Bxe6
21. Rxe5 Bxa2 22. Rfe1 Bf7 23. Rxf5 Rae8 24. Ref1 Ba2 25. Rxf8+ Rxf8 26. Rxf8+
Kxf8 27. Qb8+ Kg7 28. Qe5+ Qf6 29. Qc7+ Kh6 30. h3 Bd5 31. Qc5 Qa1+ 32. Kh2
Qe5+ 33. g3 Qe6 34. Qf8+ Kh5 35. Qd8 g5 36. g4+ Kh4 37. Qc7 1-0

[Event "4NCL/Div3/SLOS3 vs. SLOS2"]
[Site "Birmingham ENG"]
[Date "2005.10.22"]
[Round "1.2"]
[White "Martyn, Rafe"]
[Black "Nelson, Omowale"]
[Result "1-0"]
[WhiteElo "2323"]
[BlackElo "2089"]
[PlyCount "57"]
[EventDate "2005.10.22"]
[EventType "team"]
[EventRounds "11"]
[EventCountry "ENG"]
[SourceDate "2005.10.25"]

1. d4 d5 2. c4 dxc4 3. e3 Nf6 4. Bxc4 e6 5. Nf3 a6 6. O-O b5 7. Bd3 Bb7 8. Qe2
Nbd7 9. a4 b4 10. Nbd2 c5 11. dxc5 Bxc5 12. e4 e5 13. Nb3 O-O 14. Bg5 Be7 15.
Nfd2 Nc5 16. Nxc5 Bxc5 17. Nb3 Bb6 18. a5 Ba7 19. Rad1 Qe7 20. Bc4 Rfd8 21.
Rxd8+ Qxd8 22. Rd1 Qc7 23. Bxf6 gxf6 24. Rd3 Rc8 25. Nd2 Kh8 26. Qf3 Qe7 27.
Qf5 Rg8 28. Rd7 Bxe4 29. Nxe4 1-0

[Event "4NCL/Div3/SLOS3 vs. SLOS2"]
[Site "Birmingham ENG"]
[Date "2005.10.22"]
[Round "1.4"]
[White "Kahar, Krunal"]
[Black "Lutton, J Ezra"]
[Result "1-0"]
[WhiteElo "2209"]
[BlackElo "2114"]
[PlyCount "53"]
[EventDate "2005.10.22"]
[EventType "team"]
[EventRounds "11"]
[EventCountry "ENG"]
[SourceDate "2005.10.25"]

1. e4 Nc6 2. d4 d5 3. e5 Bf5 4. c3 e6 5. Nf3 f6 6. Bf4 Nce7 7. Qa4+ Nc6 8. Bb5
a6 9. Bxc6+ bxc6 10. Qxc6+ Qd7 11. Qxd7+ Kxd7 12. Nbd2 c5 13. Nb3 Kc6 14. dxc5
Bxc5 15. Nxc5 Kxc5 16. O-O-O Rb8 17. exf6 Rb7 18. fxg7 Rxg7 19. Be5 Rb7 20.
Bxh8 Rb5 21. Nd4 Rb7 22. Nxf5 exf5 23. Rhe1 Rb5 24. Re5 Kc4 25. Re6 Rc5 26. Rb6
Ne7 27. b3# 1-0

[Event "4NCL/Div3/SLOS3 vs. SLOS2"]
[Site "Birmingham ENG"]
[Date "2005.10.22"]
[Round "1.5"]
[White "Edgell, Ben P"]
[Black "Rees, Ioan"]
[Result "1/2-1/2"]
[WhiteElo "2025"]
[BlackElo "2237"]
[PlyCount "93"]
[EventDate "2005.10.22"]
[EventType "team"]
[EventRounds "11"]
[EventCountry "ENG"]
[SourceDate "2005.10.25"]

1. d4 Nf6 2. Nf3 c5 3. d5 b5 4. Bg5 Ne4 5. Bh4 Bb7 6. Qd3 Qa5+ 7. c3 f5 8. Nbd2
c4 9. Qd4 e6 10. Nxe4 fxe4 11. Qxe4 Bxd5 12. Qc2 Na6 13. e4 Bb7 14. Nd2 Bc5 15.
Be2 O-O 16. O-O d5 17. b4 cxb3 18. axb3 Qb6 19. exd5 exd5 20. Bf3 Nc7 21. b4
Bd6 22. Nb3 Bxh2+ 23. Kxh2 Qh6 24. Rh1 Rxf3 25. gxf3 Qxh4+ 26. Kg2 Qg5+ 27. Kf1
h6 28. Nd4 Bc8 29. Re1 a5 30. Nc6 Kh8 31. Ne5 Be6 32. bxa5 Rxa5 33. Qg6 Qxg6
34. Nxg6+ Kg8 35. Nf4 Kf7 36. Rh5 b4 37. cxb4 Rb5 38. Nxe6 Nxe6 39. Rb1 Kf6 40.
Rh4 Kf5 41. Ke2 Nf4+ 42. Kd2 h5 43. Kc3 g5 44. Rhh1 h4 45. Kb3 Rb8 46. Kc3 Rb5
47. Kb3 1/2-1/2

[Event "4NCL/Div3/SLOS3 vs. SLOS2"]
[Site "Birmingham ENG"]
[Date "2005.10.22"]
[Round "1.6"]
[White "Roberson, Peter T"]
[Black "Foster, James J"]
[Result "1-0"]
[WhiteElo "2135"]
[BlackElo "2068"]
[PlyCount "143"]
[EventDate "2005.10.22"]
[EventType "team"]
[EventRounds "11"]
[EventCountry "ENG"]
[SourceDate "2005.10.25"]

1. e4 e6 2. d4 d5 3. Nd2 dxe4 4. Nxe4 Be7 5. Bd3 Nf6 6. Nf3 Nbd7 7. O-O Nxe4 8.
Bxe4 Nf6 9. Bd3 c6 10. Bf4 Bd6 11. Ne5 Qe7 12. Qf3 Nd7 13. Nxf7 Qxf7 14. Bxd6
Qxf3 15. gxf3 Kf7 16. Rae1 Nf6 17. c4 Re8 18. Re3 g6 19. Bc2 Bd7 20. a4 Rad8
21. a5 a6 22. Rfe1 Bc8 23. Bc5 Bd7 24. Bb3 Bc8 25. Kf1 Bd7 26. R1e2 Bc8 27. Ba2
Bd7 28. Ke1 Bc8 29. Kd2 Nd7 30. Ba3 Nf6 31. Kc3 Rd7 32. Re5 Rdd8 33. Bb4 Rd7
34. Bc5 Rdd8 35. Bb6 Rd7 36. Kc2 Ree7 37. b4 Re8 38. Bb3 Ree7 39. Kb2 Re8 40.
Ba4 Rde7 41. Bc5 Rc7 42. d5 Bd7 43. d6 Rcc8 44. Be3 Ra8 45. Bg5 Nh5 46. Bh6 Nf6
47. Kc3 Rac8 48. Bb3 Rb8 49. Kd4 b6 50. axb6 Rxb6 51. Bd2 Bc8 52. Ra5 Nd7 53.
Ba4 Nb8 54. c5 Rb7 55. Bb3 Kf6 56. Kc3 Ra7 57. Ra1 Nd7 58. Be3 Kf7 59. b5 Nb8
60. b6 Rd7 61. Bg5 Rb7 62. Be7 Rg8 63. Rae1 Re8 64. Kd4 a5 65. Bxe6+ Bxe6 66.
Rxe6 Na6 67. R6e5 Nb4 68. Kc4 Nd5 69. Rxd5 cxd5+ 70. Kb5 Reb8 71. Bg5 d4 72.
Rd1 1-0

[Event "4NCL/Div3/SLOS3 vs. SLOS2"]
[Site "Birmingham ENG"]
[Date "2005.10.22"]
[Round "1.7"]
[White "McCarthy, Kevin"]
[Black "Kafka, Graeme"]
[Result "1/2-1/2"]
[WhiteElo "2060"]
[BlackElo "2135"]
[PlyCount "37"]
[EventDate "2005.10.22"]
[EventType "team"]
[EventRounds "11"]
[EventCountry "ENG"]
[SourceDate "2005.10.25"]

1. d4 d5 2. Nf3 Nf6 3. Bf4 c5 4. c3 e6 5. e3 Nc6 6. Bd3 Bd6 7. Ne5 Qc7 8. Bb5
O-O 9. Bxc6 bxc6 10. O-O Rb8 11. b3 Nd7 12. Nxd7 Bxd7 13. Bxd6 Qxd6 14. Nd2 f6
15. Qc2 e5 16. dxc5 Qxc5 17. b4 Rxb4 18. Nb3 Qc4 19. Nd2 1/2-1/2

[Event "4NCL/Div3/SLOS3 vs. SLOS2"]
[Site "Birmingham ENG"]
[Date "2005.10.22"]
[Round "1.8"]
[White "Barraclough, Stephanie"]
[Black "Yates, Susan"]
[Result "1-0"]
[WhiteElo "1883"]
[BlackElo "1665"]
[PlyCount "53"]
[EventDate "2005.10.22"]
[EventType "team"]
[EventRounds "11"]
[EventCountry "ENG"]
[SourceDate "2005.10.25"]

1. e4 c5 2. Nf3 Nc6 3. g3 e6 4. d3 d5 5. Nbd2 Bd6 6. Bg2 Nf6 7. O-O O-O 8. Re1
Re8 9. e5 Nxe5 10. Nxe5 Qc7 11. Qe2 Rb8 12. h4 b6 13. Ng4 Nxg4 14. Qxg4 Bb7 15.
Nf1 Be5 16. c3 Bf6 17. Bg5 Bxg5 18. Qxg5 Ba6 19. Rad1 Rbd8 20. Nh2 f6 21. Qh5
Re7 22. d4 Kh8 23. Bf1 Bb7 24. Bd3 h6 25. Qg6 Kg8 26. Qh7+ Kf8 27. Bg6 1-0

[Event "4NCL/Div3/FCA1 vs. SWD2"]
[Site "Birmingham ENG"]
[Date "2005.10.22"]
[Round "1.1"]
[White "Macdonald-Ross, Michael"]
[Black "Powell, Lloyd"]
[Result "1-0"]
[WhiteElo "2233"]
[BlackElo "2184"]
[PlyCount "65"]
[EventDate "2005.10.22"]
[EventType "team"]
[EventRounds "11"]
[EventCountry "ENG"]
[SourceDate "2005.10.25"]

1. d4 Nf6 2. Nf3 g6 3. g3 Bg7 4. Bg2 O-O 5. b3 c5 6. e3 d5 7. O-O Nc6 8. Bb2 b6
9. c4 cxd4 10. exd4 Bb7 11. Re1 Rc8 12. Na3 e6 13. Rc1 Re8 14. Nc2 Rc7 15. Ba1
Rd7 16. Qe2 Ne4 17. Ne5 Nxe5 18. dxe5 a5 19. Red1 Ree7 20. b4 axb4 21. Nxb4
dxc4 22. Re1 Rd2 23. Qxc4 Nxf2 24. Bxb7 Rxb7 25. Bc3 b5 26. Qf1 Rbd7 27. Bxd2
Rxd2 28. Re2 Bh6 29. Rxd2 Qxd2 30. Rc2 Nh3+ 31. Kh1 Qxb4 32. Rc8+ Kg7 33. Qf6#
1-0

[Event "4NCL/Div3/FCA1 vs. SWD2"]
[Site "Birmingham ENG"]
[Date "2005.10.22"]
[Round "1.2"]
[White "May, Frank"]
[Black "Kenworthy, Gary"]
[Result "0-1"]
[WhiteElo "2145"]
[BlackElo "2293"]
[PlyCount "40"]
[EventDate "2005.10.22"]
[EventType "team"]
[EventRounds "11"]
[EventCountry "ENG"]
[SourceDate "2005.10.25"]

1. Nf3 g6 2. c4 Bg7 3. Nc3 e5 4. d4 exd4 5. Nxd4 Nc6 6. e3 Nge7 7. Be2 O-O 8.
O-O d6 9. Nd5 Nxd5 10. Nxc6 bxc6 11. cxd5 cxd5 12. Qxd5 Be6 13. Qa5 c6 14. Qxd8
Rfxd8 15. Bf3 d5 16. Bd2 Bxb2 17. Rab1 Rab8 18. Ba5 Rdc8 19. Rfe1 c5 20. Re2
Bf6 0-1

[Event "4NCL/Div3/FCA1 vs. SWD2"]
[Site "Birmingham ENG"]
[Date "2005.10.22"]
[Round "1.3"]
[White "Smith, Graham"]
[Black "Brown, Alan M"]
[Result "1-0"]
[WhiteElo "2138"]
[BlackElo "2142"]
[PlyCount "81"]
[EventDate "2005.10.22"]
[EventType "team"]
[EventRounds "11"]
[EventCountry "ENG"]
[SourceDate "2005.10.25"]

1. e4 e6 2. b3 d5 3. Bb2 Nf6 4. e5 Nfd7 5. Qg4 c5 6. f4 Nc6 7. Nf3 g6 8. Bb5
Nb4 9. Na3 a6 10. Be2 b5 11. c3 Nc6 12. c4 bxc4 13. bxc4 Nb6 14. O-O Be7 15.
Rad1 Qc7 16. Kh1 Bd7 17. d4 Na4 18. Ba1 cxd4 19. Nc2 Nc3 20. Bxc3 dxc3 21. cxd5
exd5 22. Qg3 Be6 23. Ng5 Bxg5 24. Qxg5 Qe7 25. Qg3 Qc5 26. Bd3 d4 27. Be4 Bd5
28. Bxd5 Qxd5 29. Qxc3 Qxg2+ 30. Kxg2 dxc3 31. Rf3 Rd8 32. Rxd8+ Kxd8 33. Rxc3
Kd7 34. Kf3 Rc8 35. Ke4 Re8 36. Rh3 h5 37. Rd3+ Kc7 38. Ne3 Ne7 39. Rd6 Ra8 40.
Rf6 a5 41. Rxf7 1-0

[Event "4NCL/Div3/FCA1 vs. SWD2"]
[Site "Birmingham ENG"]
[Date "2005.10.22"]
[Round "1.4"]
[White "Sully, David"]
[Black "Constantinou, Peter"]
[Result "0-1"]
[WhiteElo "2135"]
[BlackElo "2137"]
[Annotator "Parker,Robert"]
[PlyCount "86"]
[EventDate "2005.10.22"]
[EventType "team"]
[EventRounds "11"]
[EventCountry "ENG"]
[SourceDate "2005.10.25"]

1. d4 g6 2. e4 d6 3. Nc3 c6 4. Be3 Bg7 5. Qd2 Qa5 6. Nf3 Nf6 7. h3 Nbd7 8. Bd3
O-O 9. Bh6 e5 10. O-O-O b5 11. Bxg7 Kxg7 12. Kb1 Re8 13. dxe5 dxe5 14. h4 b4
15. Ne2 Nc5 16. Ng3 Na4 17. Bc4 Rb8 18. Bb3 h5 19. Ng5 c5 20. Bxa4 Qxa4 21. Qd6
{=} Rb6 22. Qd3 Re7 23. Qb3 Qb5 24. c4 Qa5 25. Qc2 Ra6 26. b3 Qc7 27. f3 Rc6
28. Ne2 a5 29. Nc1 Ra6 30. Rd3 Nd7 31. g4 hxg4 32. h5 f6 33. hxg6 fxg5 34. Qh2
Rxg6 35. Qh8+ Kf7 36. fxg4 Ke6 37. Rh6 Rxh6 38. Qxh6+ Nf6 39. Rf3 Rf7 40. Qxg5
Ke7 41. Qg6 Qc6 42. Kb2 Qxe4 43. Rxf6 Qd4+ 0-1

[Event "4NCL/Div3/FCA1 vs. SWD2"]
[Site "Birmingham ENG"]
[Date "2005.10.22"]
[Round "1.5"]
[White "Reuben, Stewart"]
[Black "Burton, Graham P"]
[Result "1/2-1/2"]
[WhiteElo "2142"]
[BlackElo "2130"]
[Annotator "Parker,Robert"]
[PlyCount "99"]
[EventDate "2005.10.22"]
[EventType "team"]
[EventRounds "11"]
[EventCountry "ENG"]
[SourceDate "2005.10.25"]

1. c4 e5 2. g3 Nc6 3. Bg2 g6 4. Nc3 Bg7 5. e3 d6 6. Nge2 Nge7 7. Rb1 Bf5 8. e4
Be6 9. d3 O-O 10. Nd5 Qd7 11. Qa4 Nc8 12. Nec3 Nb6 13. Qb5 f5 14. exf5 Bxf5 15.
Ne4 Nxd5 16. cxd5 Nd4 17. Qxd7 Bxd7 18. Be3 Bb5 19. Kd2 Rad8 20. Rhc1 c6 {=}
21. Ng5 Bh6 22. h4 Bxg5 23. hxg5 c5 24. b4 b6 25. bxc5 dxc5 26. f4 Ba6 27. fxe5
Rfe8 28. Bxd4 cxd4 29. Rc7 Rxe5 30. Rxa7 Bc8 31. Ra8 Re2+ 32. Kxe2 Bg4+ 33. Bf3
Bxf3+ 34. Kxf3 Rxa8 35. Rb2 Re8 36. Re2 Rf8+ 37. Kg4 Rf5 38. Rb2 Rxd5 39. Rxb6
Ra5 40. Rd6 Rxa2 41. Rxd4 Kf7 42. Re4 Ra5 43. d4 Rd5 44. Kh4 Kg7 45. Rf4 Kg8
46. Kg4 Kg7 47. Re4 Kf7 48. Kh4 Kg7 49. g4 Kf7 50. Kg3 1/2-1/2

[Event "4NCL/Div3/FCA1 vs. SWD2"]
[Site "Birmingham ENG"]
[Date "2005.10.22"]
[Round "1.6"]
[White "Miles, Richard"]
[Black "Freeman, Richard C P"]
[Result "1/2-1/2"]
[WhiteElo "2047"]
[BlackElo "2088"]
[Annotator "Parker,Robert"]
[PlyCount "59"]
[EventDate "2005.10.22"]
[EventType "team"]
[EventRounds "11"]
[EventCountry "ENG"]
[SourceDate "2005.10.25"]

1. Nf3 g6 2. d4 Bg7 3. g3 d6 4. Bg2 Nd7 5. O-O e5 6. c4 Ne7 7. Nc3 O-O 8. e4
exd4 9. Nxd4 Ne5 10. b3 N7c6 11. Nde2 Be6 12. Bb2 Qd7 13. Nf4 Rad8 14. Rb1 Ne7
15. Nxe6 fxe6 16. f4 N5c6 17. Bh3 Nc8 18. Nd5 Qf7 19. Ne3 Rde8 20. a3 Nb6 21.
Qd2 Bxb2 22. Qxb2 Qg7 23. Qxg7+ Kxg7 {=} 24. Rfd1 Rf7 25. Rd3 Nd7 26. b4 Nf6
27. Bg2 e5 28. f5 Nd4 29. Re1 Nh5 30. fxg6 1/2-1/2

[Event "4NCL/Div3/FCA1 vs. SWD2"]
[Site "Birmingham ENG"]
[Date "2005.10.22"]
[Round "1.7"]
[White "Elwin, Adrian G"]
[Black "van Kemenade, Rudy"]
[Result "1-0"]
[WhiteElo "2052"]
[BlackElo "2068"]
[PlyCount "119"]
[EventDate "2005.10.22"]
[EventType "team"]
[EventRounds "11"]
[EventCountry "ENG"]
[SourceDate "2005.10.25"]

1. Nf3 f5 2. e4 fxe4 3. Ng5 Nf6 4. d3 e5 5. dxe4 h6 6. Nf3 Nc6 7. Bc4 Bc5 8.
Nc3 d6 9. h3 Na5 10. Bd3 O-O 11. Bd2 Nc6 12. Bc4+ Kh7 13. Qe2 a6 14. Nd5 b5 15.
Bd3 Nd4 16. Nxd4 Bxd4 17. c3 Ba7 18. O-O-O c6 19. Ne3 Qa5 20. Bb1 Be6 21. Nf5
Bxa2 22. g4 Bxb1 23. Kxb1 d5 24. exd5 cxd5 25. g5 hxg5 26. Bxg5 Qa4 27. Qxe5
Qe4+ 28. Qxe4 Nxe4 29. Rxd5 Nxg5 30. Ne7 Nf7 31. Rg1 Nh6 32. Rd7 Bxf2 33. Rg2
Ra7 34. Ng6 Rf7 35. Rd8 Ng8 36. Nf8+ Rxf8 37. Rxf8 Bh4 38. Re2 Bf6 39. h4 Bxh4
40. Ree8 Nh6 41. Rh8+ Kg6 42. Ra8 Rd7 43. Rxa6+ Kh5 44. Rb6 Rd5 45. Rhb8 Kg4
46. Rxb5 Rxb5 47. Rxb5 Nf5 48. Kc2 g5 49. Kd3 Nd6 50. Rd5 Bg3 51. Ke2 Nc4 52.
Rd4+ Kh3 53. Rxc4 g4 54. Kf1 Bh2 55. Rc8 Bf4 56. Rh8+ Kg3 57. Rh7 Kf3 58. Rf7
g3 59. Rxf4+ Kxf4 60. Kg2 1-0

[Event "4NCL/Div3/FCA1 vs. SWD2"]
[Site "Birmingham ENG"]
[Date "2005.10.22"]
[Round "1.8"]
[White "Hughes, Beryl"]
[Black "Chidi, Silvia"]
[Result "0-1"]
[WhiteElo "1549"]
[BlackElo "1900"]
[PlyCount "56"]
[EventDate "2005.10.22"]
[EventType "team"]
[EventRounds "11"]
[EventCountry "ENG"]
[SourceDate "2005.10.25"]

1. e4 c5 2. Nf3 Nc6 3. d4 cxd4 4. Nxd4 d6 5. Nc3 Nf6 6. Be2 g6 7. Be3 Bg7 8.
Qd2 O-O 9. O-O Bd7 10. Rad1 Rc8 11. Bh6 Nxd4 12. Bxg7 Nxe2+ 13. Qxe2 Kxg7 14.
Qe3 Qa5 15. Kh1 Qc5 16. Qg3 Qb4 17. e5 dxe5 18. Qxe5 Be6 19. Rb1 Rfd8 20. f3
Qd4 21. Qg3 Nh5 22. Qg5 Qf6 23. Qe3 Qd4 24. Qe1 Qd2 25. Qh4 Nf6 26. Rf2 Qe3 27.
Re2 Qb6 28. a3 Rxc3 0-1